Estadísticas para Máximos goleadores en la historia del Borussia Dortmund

Haz click aquí para intentar la prueba.

Estadísticas generales

  • Esta prueba ha sido intentada 15 veces
  • La puntuación promedio es 2 de 10

Estadísticas de respuestas

GolesNacionalidadJugador% Correcto
141Francia / GabónPierre-Emerick Aubameyang
100%
167AlemaniaMarco Reus
87%
177AlemaniaAdi Preißler
0%
124AlemaniaAlfred Kelbassa
0%
125AlemaniaAlfred Niepieklo
0%
143AlemaniaJürgen Schütz
0%
148AlemaniaLothar Emmerich
0%
158AlemaniaManfred Burgsmüller
0%
159AlemaniaMichael Zorc
0%
155AlemaniaTimo Konietzka
0%

Distribución de puntuación

Porcentaje por número respondido

Porcentaje de gente con cada puntuación

Historial de tus puntuaciones

No has intentado esta prueba.